Music Quiz

Random Music or Rock Quiz
Score 0/20 Timer 07:00
0 Plays Today
% Correct
Tina Turner
97%
Marilyn Manson
85.2%
Janis Joplin
84.7%
Janet Jackson
80.6%
Backstreet Boys
80.2%
Ozzy Osbourne
79.1%
Foo Fighters
76.5%
Beastie Boys
73.2%
Culture Club
73%
Duran Duran
61.8%
% Correct
Gloria Gaynor
53.9%
Kris Kristofferson
53%
Loretta Lynn
49.5%
Sister Sledge
47.1%
Herman's Hermits
47%
Counting Crows
43.6%
Yeah Yeah Yeahs
37.9%
Leona Lewis
33.5%
Franz Ferdinand
32.2%
Colbie Caillat
19.1%
Remove Ads.
Support Sporcle.
Get the best of Sporcle when you Go Orange. This ad-free experience offers more features, more stats, and more fun while also helping to support Sporcle. Thank you for becoming a member.

You're not logged in!

Compare scores with friends on all Sporcle quizzes.
OR
Log In

Show Comments

Extras

Top Quizzes Today


Score Distribution

Your Account Isn't Verified!

In order to create a playlist on Sporcle, you need to verify the email address you used during registration. Go to your Sporcle Settings to finish the process.

Report this User

Report this user for behavior that violates our Community Guidelines.

Details: